Online Catalogue and eLibrary

Women and Reason (Record no. 1738)

MARC details
000 -LEADER
fixed length control field 00536nam a2200217Ia 4500
005 - DATE AND TIME OF LATEST TRANSACTION
control field 20250219055041.0
008 - FIXED-LENGTH DATA ELEMENTS--GENERAL INFORMATION
fixed length control field 240331s9999 xx 000 0 und d
020 ## - INTERNATIONAL STANDARD BOOK NUMBER
ISBN 0472102206
082 ## - DDC Classification
Item Number - Author Mark HAR
DDC Edition Number 1144
Class No. 305.4
245 #0 - TITLE STATEMENT
Title Women and Reason
260 ## - PUBLICATION, DISTRIBUTION, ETC.
Name of publisher, distributor, etc. The University of Michigan Press
Date of publication, distribution, etc. 1992
300 ## - PHYSICAL DESCRIPTION
Extent (e.g. Volumes, Pages etc.) 294 p.,
650 ## - SUBJECT ADDED ENTRY--TOPICAL TERM
Topical term or geographic name entry element Women
650 ## - SUBJECT ADDED ENTRY--TOPICAL TERM
Topical term or geographic name entry element Feminist Methodology
650 ## - SUBJECT ADDED ENTRY--TOPICAL TERM
Topical term or geographic name entry element Physiology
650 ## - SUBJECT ADDED ENTRY--TOPICAL TERM
Topical term or geographic name entry element Patriarchy
650 ## - SUBJECT ADDED ENTRY--TOPICAL TERM
Topical term or geographic name entry element Social Science
700 ## - ADDED ENTRY--PERSONAL NAME
Personal name Harvey, E. D
Relator term (Role) Editor
700 ## - ADDED ENTRY--PERSONAL NAME
Personal name Okruhlik, K
Relator term (Role) Editor
942 ## - Koha item type (Biblio)
Koha item type Books in Stacks (Lending)
Holdings
Lost status Damaged status Collection code Home library Current library Shelving location Date acquired Full call number Accession Number Item type
    Lending WERC Library WERC Library Social Science Cupboard 03/31/2024 305.4 WOM 1144 Books in Stacks (Lending)

© WERC Library